000 00488nam a2200157 a 4500
008 120416s1967 ||||||||||||||||| || u
050 _aGN 494 Ste
100 _aSteiner, Franz
245 1 0 _aTaboo
260 _aHarmondsworth
_bPenguin
_c1967
300 _a154p.
350 _a0.00
650 _aANTHROPOLOGY
650 _aTABOO
995 _D0.00
_FCBU-MAIN LIBRARY (Kitwe)
_H1
_I7.95
_M1
_UAVAILABLE
_ZMain Library Open Access Collection
999 _c59345
_d59345